| 000 | 00523nam a2200169Ia 4500 | ||
|---|---|---|---|
| 008 | 090711s9999 xx 000 0 und d | ||
| 082 | _b45109 | ||
| 100 | _aनेने प्रभाकर | ||
| 245 | _aहा खेळ कल्पनेSाा | ||
| 260 | _c1977 | ||
| 300 | _a81 | ||
| 600 | _aनेने प्रभाकर | ||
| 630 | _aहा खेळ कल्पनेSाा | ||
| 700 | _aनेने प्रभाकर | ||
| 730 | _aहा खेळ कल्पनेSाा | ||
| 942 | _cBOOK | ||
| 999 |
_c290884 _d290884 |
||